| 000 | 00668nam a22001577a 4500 | ||
|---|---|---|---|
| 003 | OSt | ||
| 005 | 20151130141431.0 | ||
| 008 | 151130b xxu||||| |||| 00| 0 eng d | ||
| 040 | _cRUA | ||
| 082 | _aFIS KAO 1996 B163 Or.1 | ||
| 100 |
_94025 _aKAO, MONIRITH. |
||
| 245 | _aRevision of pond water quality fish farming in hun sen development center craing yov ការកែប្រែគុណភាពទឹកស្រះចិញ្ចឹមត្រីក្នុងមជ្ឈមណ្ឌលអភិវឌ្ឍន៏ ហ៊ុន សែល ក្រាំងយ៉ូវ | ||
| 260 |
_aPhnom Penh _bRUA _c1996 |
||
| 300 |
_a79p. _bill. _c29cm. |
||
| 942 |
_2ddc _cFIS |
||
| 999 |
_c3744 _d3744 |
||